Sous-préfectures françaises - Mort subite - Statistiques

Statistiques générales
  • Ce quiz a été pris 718 fois
  • Le résultat moyen est 9 sur 20
Answers on the Grid
Answers color-coded by a green-red scale on the quiz's grid according to % correct below.
Marvejols
Reims
Brest
Le Havre
Châlon-sur-Saône
Annonay
Florac-Trois-Rivières
Bergerac
Rochefort
Villeurbanne
Porto-Vecchio
Cayenne
Breuvannes-en-Bassigny
Mulhouse
Salon-de-Provence
Orange
Neuilly-sur-Seine
Evian-les-Bains
Neufchâteau
Sedan
Pontarlier
Beaune
Vendôme
Mayenne
Millau
Lens
Valenciennes
Alès
Muret
Dax
Gap
Châlons-en-Champagne
Vannes
Aubenas
Gien
Albert
 
Statistiques - réponses
Réponse % Correct
Brest
61%
Le Havre
54%
Lens
52%
Reims
51%
Mulhouse
49%
Dax
45%
Millau
45%
Rochefort
45%
Valenciennes
45%
Alès
44%
Beaune
44%
Sedan
44%
Bergerac
43%
Pontarlier
40%
Châlon-sur-Saône
38%
Mayenne
37%
Vendôme
36%
Muret
33%
Neufchâteau
33%
Florac-Trois-Rivières
31%
Aucun quiz correspondant
Distribution des résultats
% des personnes avec chaque résultat
Percentile par nombre de réponses
Votre historique - résultats
Vous n’avez pas pris ce quiz